Vincitori Serie B - Statistics

Statistiche generali
  • Questo quiz è stato fatto 562 volte
    309 dall'ultimo reset
  • Il punteggio medio è 68 su 91
Statistiche sulle risposte
Edizione Campioni % Corretto
2006-2007 Juventus
94%
1980-1981 Milan
94%
1982-1983 Milan
94%
1934-1935 Genoa
90%
1952-1953 Genoa
90%
1961-1962 Genoa
90%
1972-1973 Genoa
90%
1975-1976 Genoa
90%
1988-1989 Genoa
90%
1949-1950 Napoli
89%
2023-2024 Parma
89%
1966-1967 Sampdoria
89%
2012-2013 Sassuolo
89%
2024-2025 Sassuolo
89%
1939-1940 Atalanta
88%
1958-1959 Atalanta
88%
1983-1984 Atalanta
88%
2005-2006 Atalanta
88%
2010-2011 Atalanta
88%
1968-1969 Lazio
88%
1931-1932 Palermo
88%
1967-1968 Palermo
88%
2003-2004 Palermo
88%
2013-2014 Palermo
88%
2009-2010 Lecce
87%
2021-2022 Lecce
87%
1951-1952 Roma
87%
1959-1960 Torino
87%
1989-1990 Torino
87%
2000-2001 Torino
87%
1960-1961 Venezia
86%
1965-1966 Venezia
86%
2015-2016 Cagliari
84%
1984-1985 Pisa
84%
1941-1942 Bari
83%
2008-2009 Bari
83%
1930-1931 Fiorentina
83%
1938-1939 Fiorentina
83%
1993-1994 Fiorentina
83%
1987-1988 Bologna
81%
1995-1996 Bologna
81%
2004-2005 Empoli
80%
2017-2018 Empoli
80%
2020-2021 Empoli
80%
1955-1956 Udinese
80%
1978-1979 Udinese
80%
1956-1957 Verona
80%
1981-1982 Verona
80%
1998-1999 Verona
80%
1964-1965 Brescia
79%
1991-1992 Brescia
79%
1996-1997 Brescia
79%
2018-2019 Brescia
79%
1953-1954 Catania
79%
1948-1949 Como
79%
1979-1980 Como
79%
2001-2002 Como
79%
2022-2023 Frosinone
78%
1986-1987 Pescara
77%
2011-2012 Pescara
77%
2019-2020 Benevento
73%
1942-1943 Modena
73%
1997-1998 Salernitana
72%
2007-2008 Chievo
70%
1954-1955 Vicenza
69%
1796-1977 Vicenza
69%
1999-2000 Vicenza
69%
1932-1933 Livorno
67%
1936-1937 Livorno
67%
1992-1993 Reggiana
66%
1950-1951 Spal
65%
2016-2017 Spal
65%
2014-2015 Carpi
62%
1962-1963 Messina
61%
1937-1938 Novara
60%
1974-1975 Perugia
60%
1990-1991 Foggia
59%
1957-1958 Triestina
59%
2002-2003 Siena
58%
1971-1972 Ternana
56%
1945-1946 Alessandria
53%
1977-1978 Ascoli
52%
1985-1986 Ascoli
52%
1994-1995 Piacenza
52%
1970-1971 Mantova
46%
1929-1930 Casale
41%
1963-1964 Varese
39%
1969-1970 Varese
39%
1973-1974 Varese
39%
1935-1936 Lucchese
33%
1933-1934 Sampierdarenese
11%
Nessun quiz corrispondente trovato
Distribuzione punteggi
Percentuale di utenti per punteggio
Percentile per numero di risposta
I tuoi punteggi nel tempo
Non hai fatto questo quiz dall'ultimo reset